| 000 | 01699nam a2200397 i 4500 | ||
|---|---|---|---|
| 003 | EG-GICUC | ||
| 005 | 20260507201821.0 | ||
| 008 | 260507s1998 ua ||||fr|||| 001 0 ara d | ||
| 017 | _a1998/11161 | ||
| 020 | _a9770398292 | ||
| 040 |
_a EG-GICUC _bara _c EG-GICUC _d EG-GICUC _erda |
||
| 041 |
_aara _hara |
||
| 082 | 0 | 4 |
_a343.3 _bح س . م _221 |
| 092 | 0 | 4 | _221 |
| 099 | _aLaw1 10 343.3 ح س . م 1998 | ||
| 100 | 0 |
_aحسن صادق المرصفاوى . _eمؤلف. |
|
| 245 | 1 | 2 |
_aالمرصفاوى فى أصول الإجراءات الجنائية : _bالدعوى الجنائية -الدعوى المدنية - التحقيق الابتدائى -المحاكمة - طرق الطعن فى الأحكام / _cتأليف دكتور حسن صادق المرصفاوى. |
| 264 | 1 |
_aالإسكندرية : _bمنشأة المعارف، _c1998. |
|
| 300 |
_a886 صفحة؛ _c25 سم. _bإيضاحيات، صور، مثيليات ؛ |
||
| 336 |
_2rda content _atext |
||
| 337 |
_2rda media _aComputer |
||
| 338 |
_2rda carrier _aOnline Resource |
||
| 504 | _aيشتمل على إرجاعات ببليوجرافية. | ||
| 546 | _aالنص باللغة العربية | ||
| 650 | 1 |
_aالقانون الجنائي _2qrmak |
|
| 650 | 1 |
_a قانون الإجراءات الجنائية _2qrmak |
|
| 650 | 1 |
_aالدعوى الجنائية _2qrmak |
|
| 650 | 1 |
_aالدعوى المدنية _2qrmak |
|
| 650 | 1 |
_aالتحقيق الابتدائى _2qrmak |
|
| 650 | 1 |
_aالمحاكمة _2qrmak |
|
| 650 | 1 |
_aطرق الطعن فى الأحكام _2qrmak |
|
| 651 | 1 | _2qrmak | |
| 856 | 4 | 0 | _uhttps://fll.law.cu.edu.eg/fulltext/bks/B10-12270.pdf |
| 905 | _a43 | ||
| 942 |
_2ddc _cBK _e21 _n0 |
||
| 999 |
_c76225 _d76225 |
||